|
|
|
|
| LEADER |
00000nam0a2200000 4500 |
| 001 |
303211 |
| 005 |
20231102001600.0 |
| 020 |
|
|
|a RU
|b 83-36035
|
| 035 |
|
|
|a (RuTPU)RU\TPU\book\328432
|
| 090 |
|
|
|a 303211
|
| 100 |
|
|
|a 20150901d1983 km y0rusy5003 ca
|
| 101 |
0 |
|
|a rus
|
| 102 |
|
|
|a RU
|
| 105 |
|
|
|a a z 001zy
|
| 200 |
1 |
|
|a Синтезированная речь в системах массового обслуживания
|f В. Я. Кучеров, Б. М. Лобанов
|
| 210 |
|
|
|a Москва
|c Радио и связь
|d 1983
|
| 215 |
|
|
|a 131 с.
|c ил.
|
| 320 |
|
|
|a Библиогр.: с. 127-130
|
| 606 |
1 |
|
|a Речь
|x Распознавание автоматическое
|x (акустика)
|2 stltpush
|3 (RuTPU)RU\TPU\subj\25211
|9 49425
|
| 606 |
1 |
|
|a Массового обслуживания теория
|2 stltpush
|3 (RuTPU)RU\TPU\subj\41145
|9 60962
|
| 610 |
1 |
|
|a синтезированная речь
|
| 610 |
1 |
|
|a системотехника
|
| 610 |
1 |
|
|a телефонные аппараты
|
| 610 |
1 |
|
|a терминалы
|
| 610 |
1 |
|
|a ЭВМ
|
| 610 |
1 |
|
|a лингводидактика
|
| 610 |
1 |
|
|a речевое отображение
|
| 610 |
1 |
|
|a фактологическая информация
|
| 610 |
1 |
|
|a русская речь
|
| 610 |
1 |
|
|a синтезаторы
|
| 610 |
1 |
|
|a справочная система
|
| 610 |
1 |
|
|a оценка
|
| 610 |
1 |
|
|a критерии
|
| 675 |
|
|
|a 519.872
|z rus
|v 3
|
| 675 |
|
|
|a 534.7
|v 3
|
| 700 |
|
1 |
|a Кучеров
|b В. Я.
|g Валерий Яковлевич
|4 070
|
| 701 |
|
1 |
|a Лобанов
|b Б. М.
|g Борис Мефодиевич
|4 070
|
| 801 |
|
0 |
|a RU
|b RuMRKP
|c 19950704
|g psbo
|
| 801 |
|
1 |
|a RU
|b 63413507
|c 20150901
|
| 801 |
|
2 |
|a RU
|b 63413507
|c 20190701
|g RCR
|
| 942 |
|
|
|c BK
|